Among Us Skeld Map Locations - Statistics

General Stats
  • This quiz has been taken 1,583 times
  • The average score is 13 of 14
Answer Stats
Answer % Correct
Admin
93%
Cafeteria
93%
Reactor
92%
Electrical
91%
Med Bay
90%
Navigation
90%
O2
90%
Security
90%
Upper Engine
90%
Weapons
90%
Lower Engine
89%
Storage
89%
Communications
85%
Shields
85%
No matching quizzes found
Score Distribution
Percent of People with Each Score
Percentile by Number Answered
Your Score History
You have not taken this quiz